Mystery Sudden Death ~ 1 - Statistics

General Stats
  • This quiz has been taken 13 times
  • The average score is 6 of 15
Answers on the Grid
Answers color-coded by a green-red scale on the quiz's grid according to % correct below.
Australia
Bhutan
Bolivia
Brazil
Burundi
Cambodia
Chad
Costa Rica
Djbouti
Eswatini
Iceland
Ireland
Kazakhstan
Laos
Liechtenstein
Luxembourg
Monaco
Mongolia
Myanmar
Nauru
Nepal
Paragauy
Saint Kitts and Nevis
Serbia
Togo
Turkey
United Kingdom
Uzbekistan
Vatican City
Vietnam
 
Answer Stats
Answer % Correct
Landlocked Chad
67%
Landlocked Eswatini
56%
Landlocked Bhutan
44%
Landlocked Bolivia
44%
Landlocked Burundi
44%
Landlocked Kazakhstan
44%
Landlocked Laos
44%
Landlockdd Liechtenstein
44%
Landlocked Luxembourg
44%
Landlocked Mongolia
33%
Landlocked Nepal
33%
Landlocked Paragauy
33%
Landlocked Serbia
33%
Landlocked Uzbekistan
33%
Landlocked Vatican City
33%
No matching quizzes found
Score Distribution
Percent of People with Each Score
Percentile by Number Answered
Your Score History
You have not taken this quiz